000 00520nam a2200181 i 4500
001 46335
003 ES-MaACL
005 20230906161350.0
007 t|
008 030328s1965 sp ||||1| spa d
245 0 3 _aLa comunicación cristiana de bienes en Santo Tomás de Aquino...
250 _a1ª ed.
260 _aMadrid :
_bEuramérica,
_c[1965]
300 _a249 p. ;
_c18 cm.
500 _aPrecede al tít.: Cáritas Española.
710 2 _aCáritas Española.
_92442
852 _aES-MaACL
_jC-27734
_bR.56761
999 _c46335
_d46335